Vplyv zloženia zmesí na báze biodegradovateľných polymérov PLA/PHB/TPS na vlastnosti fólií pripravených technológiou vytláčania a vyfukovania

Saved in:
Bibliographic Details
Main Author: Košťálová, Ivana (Author)
Other Authors: Alexy, Pavel (Thesis advisor)
Format: Manuscript Book
Language:Slovak
Published: 2017
Subjects:
Online Access:http://is.stuba.sk/zp/portal_zp.pl?podrobnosti=128655
Tags: Add Tag
No Tags, Be the first to tag this record!

MARC

LEADER 00000ntm a22000003a 4500
001 stuzp63781
003 SK-STU
005 20170610210925.3
007 ta
008 150427s2015----xo-----f-mn---000-0-slo-d
040 |a STU  |b slo 
041 0 |a slo 
100 1 |a Košťálová, Ivana  |u 049370  |4 aut  |U FCHPT Ústav prírodných a syntetických polymérov  |T FCHPT Oddelenie plastov, kaučuku a vlákien  |X 42699  |U C9370  |Y 128  |7 42699 
242 0 1 |a Influence of composition of mixtures based on biodegradable polymers PLA / PHB / TPS on the properties of foils prepared by extrusion and blow molding technology  |y eng 
245 1 0 |a Vplyv zloženia zmesí na báze biodegradovateľných polymérov PLA/PHB/TPS na vlastnosti fólií pripravených technológiou vytláčania a vyfukovania 
260 |c 2017 
650 4 |a kyselina polymliečna (PLA)  |2 slo 
650 4 |a polyhydroxybutyrát (PHB)  |2 slo 
650 4 |a termoplastický škrob (TPS)  |2 slo 
650 4 |a biodegradovateľné polyméry  |2 slo 
650 4 |a thermoplastic starch (TPS)  |2 eng 
650 4 |a biodegradable polymers  |2 eng 
650 4 |a polylactic acid (PLA)  |2 eng 
650 4 |a polyhydroxybutyrate (PHB)  |2 eng 
700 1 |a Alexy, Pavel  |u 049370  |k Z1  |4 ths  |U FCHPT Ústav prírodných a syntetických polymérov  |T FCHPT Oddelenie plastov, kaučuku a vlákien  |X 3899  |U C9370  |Y 128  |7 A000003899 
856 4 |u http://is.stuba.sk/zp/portal_zp.pl?podrobnosti=128655